Mystery Taylor Swift Song #108 - Statistics

General Stats
  • This quiz has been taken 269 times
  • The average score is 71 of 130
Answer Stats
Song % Correct
I
96%
a
95%
the
95%
you
94%
and
90%
my
89%
So
89%
to
89%
in
88%
The Tortured Poets Department
88%
Do
86%
it
86%
me
86%
who
85%
was
84%
when
82%
where
82%
I'm
80%
no
80%
they
79%
it's
78%
that
78%
what
78%
"What
78%
but
77%
cause
76%
for
76%
say
74%
all
72%
are?
72%
can
72%
like
72%
if
71%
she
71%
Cassandra
69%
now?
69%
of
69%
first
68%
Not
68%
kill
66%
said
66%
got
64%
killed
63%
one
63%
knew
61%
with
61%
worst
61%
believe
59%
tell
59%
that's
59%
never
58%
out
58%
single
58%
time
58%
up
58%
call
57%
feared
57%
new
57%
they're
55%
house
54%
nothing
53%
regret
52%
something
52%
doesn't
51%
town
51%
tried
51%
comes
50%
makes
49%
quiet
49%
whole
49%
truth
48%
onto
47%
snakes
47%
word
47%
bitch"
46%
heard
46%
there's
46%
filled
44%
screaming
44%
"Burn
43%
daydreams
43%
into
43%
soul
42%
wall
42%
raging
41%
aware"
40%
cell
40%
payroll
40%
riot
40%
saying
40%
thick
40%
along
39%
Blood's
39%
life
39%
lost
39%
words
39%
Christian
38%
crack
38%
morning
38%
stone's
38%
thrown
38%
becomes
37%
chorus
37%
mark
37%
family
36%
line
36%
nightmares
36%
prayer
36%
Bet
35%
shrieking
35%
spared
35%
streets
35%
warning
35%
happens
34%
Patching
34%
lose
32%
placing
32%
tower
32%
track
32%
flames
30%
snarls
30%
pure
29%
smiles
29%
set
28%
weaving
27%
greed
26%
pass
26%
patched
20%
Twisting
18%
No matching quizzes found
Score Distribution
Percent of People with Each Score
Percentile by Number Answered
Your Score History
You have not taken this quiz